A Vedant Philosophy Of Religion (Record no. 1396496)

MARC details
000 -LEADER
fixed length control field 00708nam a2200289Ia 4500
008 - FIXED-LENGTH DATA ELEMENTS--GENERAL INFORMATION
fixed length control field 160716s9999||||xx |||||||||||||| ||und||
040 ## - CATALOGING SOURCE
Transcribing agency English
082 ## - DEWEY DECIMAL CLASSIFICATION NUMBER
Classification number XIC/Khedkar
082 ## - DEWEY DECIMAL CLASSIFICATION NUMBER
Item number BORI-50775
100 ## - MAIN ENTRY--PERSONAL NAME
Personal name R. V. Khedkar
245 #2 - TITLE STATEMENT
Title A Vedant Philosophy Of Religion
260 ## - PUBLICATION, DISTRIBUTION, ETC. (IMPRINT)
Place of publication, distribution, etc Kolhapur
260 ## - PUBLICATION, DISTRIBUTION, ETC. (IMPRINT)
Name of publisher, distributor, etc The Mission Press
260 ## - PUBLICATION, DISTRIBUTION, ETC. (IMPRINT)
Date of publication, distribution, etc 1911
300 ## - PHYSICAL DESCRIPTION
Extent XiV+190+93
300 ## - PHYSICAL DESCRIPTION
Dimensions A
300 ## - PHYSICAL DESCRIPTION
Accompanying material Hardbound
530 ## - ADDITIONAL PHYSICAL FORM AVAILABLE NOTE
Uniform Resource Identifier <a href="00050775.pdf">00050775.pdf</a>
563 ## - BINDING INFORMATION
Binding note Study
600 ## - SUBJECT ADDED ENTRY--PERSONAL NAME
Personal name R. V. Khedkar
630 ## - SUBJECT ADDED ENTRY--UNIFORM TITLE
Uniform title A Vedant Philosophy Of Religion
650 ## - SUBJECT ADDED ENTRY--TOPICAL TERM
Topical term or geographic name as entry element General Indology
650 ## - SUBJECT ADDED ENTRY--TOPICAL TERM
Topical term or geographic name as entry element Philosophy
700 ## - ADDED ENTRY--PERSONAL NAME
Personal name R. V. Khedkar
730 ## - ADDED ENTRY--UNIFORM TITLE
Uniform title A Vedant Philosophy Of Religion
942 ## - ADDED ENTRY ELEMENTS (KOHA)
Koha item type Book

No items available.